[Event "Titled Tuesday intern op 19th Dec Early"]
[Site "Chess.com INT"]
[Date "2023.12.19"]
[Round "5"]
[White "Alves Campelo, Danilo Cesar De"]
[Black "Yarullina, Alina"]
[Result "0-1"]
[WhiteElo "2011"]
[BlackElo "2084"]
[PlyCount "56"]
[EventDate "2023.12.19"]
[EventType "swiss (blitz)"]
[EventRounds "11"]
[EventCountry "USA"]
[SourceTitle "CB52_2023"]
[SourceDate "2023.12.27"]
[SourceVersion "1"]
[SourceVersionDate "2023.12.27"]
[SourceQuality "1"]

1. e4 c6 2. Nc3 d5 3. Nf3 dxe4 4. Nxe4 Nf6 5. Ng3 Nbd7 6. Bc4 e6 7. d3 Bd6 8. Bg5 0-0 9. Qe2 b5 10. Bb3 Bb7 11. a4 a6 12. 0-0 h6 13. Bxf6 Nxf6 14. Ne4 Nxe4 15. dxe4 Qc7 16. e5 Be7 17. Rfd1 Rfd8 18. c3 c5 19. axb5 axb5 20. Qxb5 Bxf3 21. Rxd8+ Rxd8 22. gxf3 Qxe5 23. Qf1 Rd2 24. Qg2 Rxb2 25. Ba4 Bh4 26. Rf1 Qxc3 27. Kh1 Qd4 28. Kg1 Bxf2+ 0-1

[Event "BRA-ch 88th"]
[Site "Recife"]
[Date "2022.12.23"]
[Round "11"]
[White "Segato, Pedro Henrique Pedr"]
[Black "Alves Campelo, Danilo Cesar De"]
[Result "1-0"]
[WhiteElo "1944"]
[BlackElo "2070"]
[PlyCount "73"]
[EventDate "2022.12.15"]
[EventType "swiss"]
[EventRounds "11"]
[EventCountry "BRA"]
[SourceTitle "CBM 212 Extra"]
[Source "ChessBase"]
[SourceDate "2023.03.31"]
[SourceVersion "1"]
[SourceVersionDate "2023.03.31"]
[SourceQuality "1"]

1. d4 Nf6 2. Bf4 e6 3. Nd2 d5 4. e3 c5 5. c3 Qb6 6. Qc2 Nc6 7. h3 cxd4 8. exd4 Bd7 9. Bd3 Rc8 10. Qb3 Na5 11. Qxb6 axb6 12. a4 Nc4 13. Nxc4 dxc4 14. Be2 Nd5 15. Bg3 b5 16. axb5 Bxb5 17. Nf3 f6 18. Ra5 Bd7 19. Nd2 b5 20. Bf3 Nb6 21. Bb7 Rd8 22. Bc7 Na4 23. Bxd8 Kxd8 24. Ba6 b4 25. Bb5 Nxb2 26. Nxc4 Nxc4 27. Bxc4 bxc3 28. 0-0 Bd6 29. Ra8+ Bc8 30. Bxe6 Kc7 31. Rc1 Bb4 32. Rxc8+ Rxc8 33. Bxc8 Kxc8 34. Kf1 Kc7 35. Ke2 Kd6 36. Kd3 Kd5 37. Rb1 1-0

[Event "BRA-ch 88th"]
[Site "Recife"]
[Date "2022.12.17"]
[Round "4"]
[White "Alves Campelo, Danilo Cesar De"]
[Black "Borba, Joao Miguel Barbosa"]
[Result "1-0"]
[WhiteElo "2070"]
[BlackElo "1503"]
[PlyCount "36"]
[EventDate "2022.12.15"]
[EventType "swiss"]
[EventRounds "11"]
[EventCountry "BRA"]
[SourceTitle "CBM 212 Extra"]
[Source "ChessBase"]
[SourceDate "2023.03.31"]
[SourceVersion "1"]
[SourceVersionDate "2023.03.31"]
[SourceQuality "1"]

1. e4 c5 2. Nf3 d6 3. d4 cxd4 4. Nxd4 Nf6 5. Nc3 Nc6 6. Bg5 e6 7. Qd2 Be7 8. 0-0-0 h6 9. Bxf6 Bxf6 10. Ndb5 0-0 11. Nxd6 Bxc3 12. Qxc3 Qb6 13. f4 Rd8 14. e5 Bd7 15. a3 Ne7 16. Bc4 Nc8 17. f5 Nxd6 18. exd6 exf5 1-0

[Event "Joao Pessoa Fischer Memorial 11th"]
[Site "Joao Pessoa"]
[Date "2022.05.08"]
[Round "5"]
[White "Moyses Sobrinho, Elias"]
[Black "Alves Campelo, Danilo Cesar De"]
[Result "0-1"]
[WhiteElo "1774"]
[BlackElo "2044"]
[PlyCount "83"]
[EventDate "2022.05.06"]
[EventType "swiss"]
[EventRounds "6"]
[EventCountry "BRA"]
[SourceTitle "EXT 2023"]
[Source "ChessBase"]
[SourceDate "2022.10.05"]
[SourceVersion "1"]
[SourceVersionDate "2022.10.05"]
[SourceQuality "1"]

1. Nf3 d5 2. d4 Nf6 3. c4 g6 4. cxd5 Nxd5 5. e4 Nb6 6. Nc3 Bg7 7. Be3 0-0 8. Be2 Bg4 9. h3 Bxf3 10. Bxf3 Nc4 11. Qb3 Nxe3 12. fxe3 e5 13. Qxb7 Qh4+ 14. Ke2 Nd7 15. Qxc7 exd4 16. exd4 Bxd4 17. g3 Qg5 18. Qf4 Qc5 19. Qd2 Ne5 20. Bg2 Qc4+ 21. Kd1 Rfd8 22. Nd5 Nd3 23. Bf1 Nxb2+ 24. Qxb2 Bxb2 25. Bxc4 Bxa1 26. Ke2 Be5 27. Rf1 Rd7 28. Nf6+ Bxf6 29. Rxf6 Rc8 30. Bd5 Rc3 31. Rf3 Rxf3 32. Kxf3 Kf8 33. Kf4 f6 34. h4 h6 35. g4 g5+ 36. hxg5 hxg5+ 37. Ke3 Ke7 38. Kd4 Kd6 39. a4 Rh7 40. Bc4 Rh2 41. Ba6 Ra2 42. e5+ 0-1

[Event "Titled Tuesday intern op 08th Mar Early"]
[Site "Chess.com INT"]
[Date "2022.03.08"]
[Round "3"]
[White "Malicka, Maria"]
[Black "Alves Campelo, Danilo Cesar De"]
[Result "1-0"]
[WhiteElo "2329"]
[BlackElo "2044"]
[PlyCount "45"]
[EventDate "2022.03.08"]
[EventType "swiss (blitz)"]
[EventRounds "11"]
[EventCountry "USA"]
[SourceTitle "CBM 207 Extra"]
[Source "ChessBase"]
[SourceDate "2022.05.31"]
[SourceVersion "1"]
[SourceVersionDate "2022.05.31"]
[SourceQuality "1"]

1. e4 e6 2. d4 d5 3. Nd2 Nf6 4. e5 Nfd7 5. Bd3 c5 6. c3 Nc6 7. Ne2 cxd4 8. cxd4 Qb6 9. Nf3 f6 10. exf6 Nxf6 11. 0-0 Bd6 12. Bf4 Bxf4 13. Nxf4 Qxb2 14. Re1 0-0 15. Rb1 Qxa2 16. Nxe6 Bxe6 17. Rxe6 Ne4 18. Bxe4 dxe4 19. Rxe4 Rad8 20. Rxb7 Nxd4 21. Rxd4 Rxd4 22. Qxd4 a5 23. Qxg7# 1-0

[Event "Titled Tuesday intern op 08th Mar Early"]
[Site "Chess.com INT"]
[Date "2022.03.08"]
[Round "5"]
[White "Samaganova, Alexandra"]
[Black "Alves Campelo, Danilo Cesar De"]
[Result "1-0"]
[WhiteElo "1917"]
[BlackElo "2044"]
[PlyCount "97"]
[EventDate "2022.03.08"]
[EventType "swiss (blitz)"]
[EventRounds "11"]
[EventCountry "USA"]
[SourceTitle "CBM 207 Extra"]
[Source "ChessBase"]
[SourceDate "2022.05.31"]
[SourceVersion "1"]
[SourceVersionDate "2022.05.31"]
[SourceQuality "1"]

1. c4 Nf6 2. Nc3 e5 3. Nf3 Nc6 4. a3 g6 5. b4 d6 6. e3 Bg7 7. b5 Na5 8. Be2 b6 9. 0-0 Be6 10. d3 0-0 11. Bb2 Re8 12. Ng5 Bd7 13. Bf3 Rb8 14. Qc2 h6 15. Nge4 Nxe4 16. Nxe4 f5 17. Nd2 Qg5 18. Bc3 Nb7 19. Bxb7 Rxb7 20. Nf3 Qh5 21. a4 g5 22. a5 g4 23. Nd2 f4 24. exf4 exf4 25. Bxg7 Kxg7 26. Qc3+ Kf7 27. Ne4 f3 28. Qf6+ Kg8 29. Qf4 Rf8 30. Nf6+ Rxf6 31. Qxf6 Rb8 32. Qf4 Rf8 33. Qg3 fxg2 34. Qxg2 Bc8 35. axb6 axb6 36. Ra8 Qg5 37. Re1 h5 38. Qd5+ Qxd5 39. cxd5 Kg7 40. Re7+ Kf6 41. Rxc7 Re8 42. Rcxc8 Re1+ 43. Kg2 Kf5 44. Rf8+ Kg5 45. Rg8+ Kf4 46. Raf8+ Ke5 47. Rg5+ Kd4 48. Rxh5 Kxd3 49. Rf4 1-0

[Event "Titled Tuesday intern op 01st Feb-A"]
[Site "Chess.com INT"]
[Date "2022.02.01"]
[Round "10"]
[White "Alves Campelo, Danilo Cesar De"]
[Black "Howell, David"]
[Result "0-1"]
[WhiteElo "2044"]
[BlackElo "2646"]
[PlyCount "36"]
[EventDate "2022.02.01"]
[EventType "swiss (blitz)"]
[EventRounds "11"]
[EventCountry "USA"]
[SourceTitle "CBM 206 Extra"]
[Source "ChessBase"]
[SourceDate "2022.03.31"]
[SourceVersion "1"]
[SourceVersionDate "2022.03.31"]
[SourceQuality "1"]

1. e4 c5 2. Nf3 a6 3. d4 cxd4 4. Nxd4 Nf6 5. Nc3 e5 6. Nb3 Bb4 7. f3 d5 8. exd5 Nxd5 9. Bd2 Nxc3 10. Bxc3 Bxc3+ 11. bxc3 Qc7 12. Qd2 0-0 13. 0-0-0 a5 14. a4 Bd7 15. Bb5 Bxb5 16. axb5 a4 17. Na1 Qc4 18. Qd3 Qa2 0-1

[Event "Titled Tuesday intern op 01st Feb-A"]
[Site "Chess.com INT"]
[Date "2022.02.01"]
[Round "5"]
[White "Alves Campelo, Danilo Cesar De"]
[Black "Pandey, Srishti"]
[Result "0-1"]
[WhiteElo "2044"]
[BlackElo "2177"]
[PlyCount "60"]
[EventDate "2022.02.01"]
[EventType "swiss (blitz)"]
[EventRounds "11"]
[EventCountry "USA"]
[SourceTitle "CBM 206 Extra"]
[Source "ChessBase"]
[SourceDate "2022.03.31"]
[SourceVersion "1"]
[SourceVersionDate "2022.03.31"]
[SourceQuality "1"]

1. e4 e6 2. d4 d5 3. Nd2 c5 4. Ngf3 Nf6 5. e5 Nfd7 6. c3 b6 7. Bd3 Ba6 8. Qe2 Qc8 9. 0-0 Bxd3 10. Qxd3 Qa6 11. Qe3 Nc6 12. a3 Be7 13. b4 cxb4 14. cxb4 Nxb4 15. Qb3 Nc6 16. Bb2 0-0 17. Rfc1 Rfc8 18. Nf1 Na5 19. Qa4 Nf8 20. Ne3 Qe2 21. Rxc8 Rxc8 22. Rc1 Rxc1+ 23. Bxc1 Nc4 24. Qe8 Bxa3 25. Bxa3 Nxa3 26. h3 Nc2 27. Ng5 Qe1+ 28. Kh2 Qxf2 29. Ng4 Qf4+ 30. g3 Qxg5 0-1

[Event "Titled Tuesday intern op 01st Feb-A"]
[Site "Chess.com INT"]
[Date "2022.02.01"]
[Round "7"]
[White "Alves Campelo, Danilo Cesar De"]
[Black "Rudzinska, Michalina"]
[Result "0-1"]
[WhiteElo "2044"]
[BlackElo "2211"]
[PlyCount "50"]
[EventDate "2022.02.01"]
[EventType "swiss (blitz)"]
[EventRounds "11"]
[EventCountry "USA"]
[SourceTitle "CBM 206 Extra"]
[Source "ChessBase"]
[SourceDate "2022.03.31"]
[SourceVersion "1"]
[SourceVersionDate "2022.03.31"]
[SourceQuality "1"]

1. e4 h5 2. d4 g6 3. Nc3 Bg7 4. f3 d6 5. Be3 Nf6 6. Qd2 Nbd7 7. 0-0-0 e5 8. dxe5 Nxe5 9. Bb5+ Bd7 10. Bg5 Bxb5 11. Nxb5 Qd7 12. Qa5 b6 13. Qa6 0-0 14. Ne2 Nc4 15. Nbd4 Nxb2 16. Kxb2 Nh7 17. Be3 c5 18. Kb1 cxd4 19. Bxd4 Rac8 20. Bxg7 Kxg7 21. Rd3 Rc5 22. Rhd1 Qc7 23. Nd4 Ra5 24. Nb5 Qc4 25. Nc7 Qxa2+ 0-1

[Event "Titled Tuesday intern op 01st Feb-A"]
[Site "Chess.com INT"]
[Date "2022.02.01"]
[Round "8"]
[White "Hernandez Jimenez, Alexander Andres"]
[Black "Alves Campelo, Danilo Cesar De"]
[Result "1/2-1/2"]
[WhiteElo "2167"]
[BlackElo "2044"]
[PlyCount "78"]
[EventDate "2022.02.01"]
[EventType "swiss (blitz)"]
[EventRounds "11"]
[EventCountry "USA"]
[SourceTitle "CBM 206 Extra"]
[Source "ChessBase"]
[SourceDate "2022.03.31"]
[SourceVersion "1"]
[SourceVersionDate "2022.03.31"]
[SourceQuality "1"]

1. e4 e6 2. d4 d5 3. Nc3 Nf6 4. e5 Nfd7 5. f4 c5 6. Nf3 Nc6 7. Be3 Qb6 8. Qd2 cxd4 9. Nxd4 Nxd4 10. Bxd4 Bc5 11. 0-0-0 Bxd4 12. Qxd4 Qxd4 13. Rxd4 Nc5 14. Nb5 Ke7 15. Bd3 b6 16. Nd6 Ba6 17. b4 Bxd3 18. cxd3 Nd7 19. Kb2 f6 20. Nb5 fxe5 21. fxe5 Nxe5 22. Re1 Nc6 23. Rg4 g6 24. Nc7 Rac8 25. Nxd5+ Kd6 26. Nc3 Rhf8 27. Nb5+ Kd7 28. Re2 a6 29. Nc3 Rf6 30. Ne4 Rf5 31. Ng3 Rb5 32. a3 a5 33. Kb3 axb4 34. axb4 Ra8 35. Rge4 Ra1 36. Kb2 Ra4 37. Kb3 Ra1 38. Kb2 Ra4 39. Kb3 Ra1 1/2-1/2

[Event "Titled Tuesday intern op 01st Feb-A"]
[Site "Chess.com INT"]
[Date "2022.02.01"]
[Round "3"]
[White "Kornyukov, Alexey"]
[Black "Alves Campelo, Danilo Cesar De"]
[Result "0-1"]
[WhiteElo "2452"]
[BlackElo "2044"]
[PlyCount "44"]
[EventDate "2022.02.01"]
[EventType "swiss (blitz)"]
[EventRounds "11"]
[EventCountry "USA"]
[SourceTitle "CBM 206 Extra"]
[Source "ChessBase"]
[SourceDate "2022.03.31"]
[SourceVersion "1"]
[SourceVersionDate "2022.03.31"]
[SourceQuality "1"]

1. e4 e6 2. d4 d5 3. exd5 exd5 4. Bd3 Nf6 5. c3 h6 6. Nf3 Bd6 7. 0-0 0-0 8. Re1 Bg4 9. h3 Bh5 10. Be3 Nbd7 11. Nbd2 Re8 12. Qc2 c5 13. dxc5 Nxc5 14. Bxc5 Bxc5 15. Nd4 Rc8 16. N2f3 Qb6 17. Bb5 Rxe1+ 18. Rxe1 Bxd4 19. Nxd4 Qxd4 20. Qf5 Qc5 21. Re5 Bg6 22. Qf3 Qxb5 0-1

[Event "Titled Tuesday intern op 25th Jan"]
[Site "Chess.com INT"]
[Date "2022.01.25"]
[Round "2"]
[White "Alves Campelo, Danilo Cesar De"]
[Black "Chernyavsky, Alexander"]
[Result "0-1"]
[WhiteElo "2044"]
[BlackElo "2327"]
[PlyCount "66"]
[EventDate "2022.01.25"]
[EventType "swiss (blitz)"]
[EventRounds "11"]
[EventCountry "USA"]
[SourceTitle "CBM 206 Extra"]
[Source "ChessBase"]
[SourceDate "2022.03.31"]
[SourceVersion "1"]
[SourceVersionDate "2022.03.31"]
[SourceQuality "1"]

1. e4 c5 2. Nf3 a6 3. d4 cxd4 4. Nxd4 e5 5. Nf3 Nc6 6. Bc4 Nf6 7. 0-0 h6 8. Re1 Bc5 9. h3 Qb6 10. Qe2 0-0 11. c3 Qa7 12. b4 Be7 13. Be3 Qb8 14. Bd5 b5 15. Nbd2 Nxd5 16. exd5 Nd8 17. Ne4 d6 18. Qd2 f5 19. Bxh6 fxe4 20. Rxe4 Nf7 21. Rh4 Bxh4 22. Bxg7 Kxg7 23. Nxh4 Rh8 24. Nf3 Qc7 25. Re1 Qe7 26. Re4 Qf6 27. Qd3 Bf5 28. Qe3 Bxe4 29. Qxe4 Qg6 30. Qe3 Rac8 31. Qa7 Rxc3 32. Qxa6 Rxf3 33. Qxb5 Rhxh3 0-1

[Event "Titled Tuesday intern op 25th Jan"]
[Site "Chess.com INT"]
[Date "2022.01.25"]
[Round "6"]
[White "Alves Campelo, Danilo Cesar De"]
[Black "Jodorcovsky Werjivker, Paulo"]
[Result "0-1"]
[WhiteElo "2044"]
[BlackElo "2213"]
[PlyCount "62"]
[EventDate "2022.01.25"]
[EventType "swiss (blitz)"]
[EventRounds "11"]
[EventCountry "USA"]
[SourceTitle "CBM 206 Extra"]
[Source "ChessBase"]
[SourceDate "2022.03.31"]
[SourceVersion "1"]
[SourceVersionDate "2022.03.31"]
[SourceQuality "1"]

1. e4 c5 2. Nf3 Nc6 3. d4 cxd4 4. Nxd4 Nf6 5. Nc3 e5 6. Ndb5 d6 7. a4 a6 8. Na3 Bg4 9. Qd2 Nd4 10. Bc4 Be7 11. 0-0 0-0 12. Kh1 Rc8 13. Ba2 Kh8 14. f4 Be6 15. f5 Bxa2 16. Rxa2 d5 17. exd5 Nxd5 18. Nxd5 Qxd5 19. c3 Qxa2 20. cxd4 Bxa3 21. bxa3 Qxd2 22. Bxd2 exd4 23. Bb4 Rfd8 24. f6 gxf6 25. Be7 Rd7 26. Bxf6+ Kg8 27. h4 d3 28. Rf3 d2 29. Rg3+ Kf8 30. Bg7+ Ke8 31. Re3+ Re7 0-1

[Event "Titled Tuesday intern op 25th Jan"]
[Site "Chess.com INT"]
[Date "2022.01.25"]
[Round "9"]
[White "Bruned, Boris"]
[Black "Alves Campelo, Danilo Cesar De"]
[Result "1-0"]
[WhiteElo "2133"]
[BlackElo "2044"]
[PlyCount "105"]
[EventDate "2022.01.25"]
[EventType "swiss (blitz)"]
[EventRounds "11"]
[EventCountry "USA"]
[SourceTitle "CBM 206 Extra"]
[Source "ChessBase"]
[SourceDate "2022.03.31"]
[SourceVersion "1"]
[SourceVersionDate "2022.03.31"]
[SourceQuality "1"]

1. b3 d5 2. Bb2 Nc6 3. e3 e5 4. Bb5 Bd6 5. f4 Qe7 6. Nf3 f6 7. Nc3 Be6 8. fxe5 fxe5 9. e4 Nf6 10. exd5 Nxd5 11. Bxc6+ bxc6 12. Ne4 Bf5 13. Qe2 0-0 14. 0-0 Nf6 15. d3 Nxe4 16. dxe4 Bg6 17. Kh1 Rad8 18. Qc4+ Kh8 19. Qxc6 Rf4 20. Bc1 Bxe4 21. Qa6 Rg4 22. Qe2 Bxf3 23. Qxf3 Rg6 24. Qe4 Rf8 25. Be3 Rgf6 26. Rxf6 Qxf6 27. h3 Qf5 28. Qxf5 Rxf5 29. Kg1 g6 30. Rd1 Kg7 31. Rd5 Kf6 32. Ra5 Ke6 33. Rxa7 e4 34. a4 Bc5 35. Bxc5 Rxc5 36. c4 Ke5 37. Kf2 Kd4 38. Ke2 Kc3 39. Rb7 Rg5 40. Ke3 Rxg2 41. a5 Ra2 42. Rb5 h5 43. Kxe4 g5 44. Kf5 g4 45. hxg4 hxg4 46. Kxg4 Kd4 47. Kf4 Rf2+ 48. Kg3 Ra2 49. Kf3 Kc3 50. Ke4 Re2+ 51. Kd5 Rg2 52. Kc6 Rg7 53. Kb7 1-0

[Event "Titled Tuesday intern op 25th Jan"]
[Site "Chess.com INT"]
[Date "2022.01.25"]
[Round "1"]
[White "Stankovic, Ivan G"]
[Black "Alves Campelo, Danilo Cesar De"]
[Result "1-0"]
[WhiteElo "2255"]
[BlackElo "2044"]
[PlyCount "61"]
[EventDate "2022.01.25"]
[EventType "swiss (blitz)"]
[EventRounds "11"]
[EventCountry "USA"]
[SourceTitle "CBM 206 Extra"]
[Source "ChessBase"]
[SourceDate "2022.03.31"]
[SourceVersion "1"]
[SourceVersionDate "2022.03.31"]
[SourceQuality "1"]

1. e4 e6 2. d3 d5 3. Nd2 Nf6 4. g3 c5 5. Bg2 Nc6 6. Ngf3 dxe4 7. dxe4 b6 8. 0-0 Bb7 9. c3 Be7 10. Qc2 0-0 11. Rd1 Qc7 12. Nc4 Rad8 13. Bf4 Qc8 14. e5 Nd5 15. Bg5 b5 16. Nd6 Qd7 17. Ne4 h6 18. Bxe7 Qxe7 19. Qe2 c4 20. Rd2 Nb6 21. Nd6 Nxe5 22. Qxe5 Bxf3 23. Bxf3 f6 24. Qc5 Na4 25. Qb4 Rd7 26. Rad1 Rfd8 27. Bc6 a5 28. Qa3 Rc7 29. Bxb5 Nc5 30. Nf5 Rxd2 31. Nxe7+ 1-0

[Event "Titled Tuesday intern op 18th Jan"]
[Site "Chess.com INT"]
[Date "2022.01.18"]
[Round "6"]
[White "Alves Campelo, Danilo Cesar De"]
[Black "Brahami, Lamine"]
[Result "1-0"]
[WhiteElo "2044"]
[BlackElo "2244"]
[PlyCount "65"]
[EventDate "2022.01.18"]
[EventType "swiss (blitz)"]
[EventRounds "11"]
[EventCountry "USA"]
[SourceTitle "CBM 206 Extra"]
[Source "ChessBase"]
[SourceDate "2022.03.31"]
[SourceVersion "1"]
[SourceVersionDate "2022.03.31"]
[SourceQuality "1"]

1. e4 c5 2. Nf3 d6 3. d4 cxd4 4. Nxd4 Nf6 5. Nc3 a6 6. Bg5 e6 7. f4 h6 8. Bh4 Qc7 9. Qf3 Nbd7 10. 0-0-0 Be7 11. g4 g5 12. Bg3 gxf4 13. Bf2 Ne5 14. Qxf4 Nexg4 15. Nb3 Nxf2 16. Qxf2 b5 17. Bg2 Bb7 18. Rhf1 0-0-0 19. Rd3 Kb8 20. Nd4 b4 21. Na4 Nxe4 22. Qxf7 Bg5+ 23. Kb1 Qxf7 24. Rxf7 Nc3+ 25. bxc3 Bxg2 26. Nxe6 Rde8 27. Nxg5 hxg5 28. cxb4 Rxh2 29. Rxd6 Be4 30. Rb6+ Kc8 31. Rxa6 Rxc2 32. Nb6+ Kd8 33. Rd7# 1-0

[Event "Titled Tuesday intern op 18th Jan"]
[Site "Chess.com INT"]
[Date "2022.01.18"]
[Round "11"]
[White "Alves Campelo, Danilo Cesar De"]
[Black "Morris Suzuki, Sophie"]
[Result "0-1"]
[WhiteElo "2044"]
[BlackElo "2067"]
[PlyCount "40"]
[EventDate "2022.01.18"]
[EventType "swiss (blitz)"]
[EventRounds "11"]
[EventCountry "USA"]
[SourceTitle "CBM 206 Extra"]
[Source "ChessBase"]
[SourceDate "2022.03.31"]
[SourceVersion "1"]
[SourceVersionDate "2022.03.31"]
[SourceQuality "1"]

1. e4 c5 2. Nf3 e6 3. d4 cxd4 4. Nxd4 a6 5. Be3 Nf6 6. Be2 Nxe4 7. Bf3 d5 8. 0-0 Be7 9. c4 Nf6 10. cxd5 Nxd5 11. Qd2 Nxe3 12. Qxe3 0-0 13. Rd1 Qb6 14. Nc3 Bd7 15. Ne4 e5 16. Nf5 Qe6 17. Nxe7+ Qxe7 18. Qb6 Bc6 19. Nd2 Nd7 20. Bxc6 Nxb6 0-1

[Event "Titled Tuesday intern op 14th Dec"]
[Site "Chess.com INT"]
[Date "2021.12.14"]
[Round "8"]
[White "Zaichenko, Daria"]
[Black "Alves Campelo, Danilo Cesar De"]
[Result "1-0"]
[WhiteElo "2104"]
[BlackElo "2044"]
[PlyCount "55"]
[EventDate "2021.12.14"]
[EventType "swiss (blitz)"]
[EventRounds "11"]
[EventCountry "USA"]
[SourceTitle "EXT 2023"]
[Source "ChessBase"]
[SourceDate "2022.10.05"]
[SourceVersion "1"]
[SourceVersionDate "2022.10.05"]
[SourceQuality "1"]

1. e4 e6 2. d4 d5 3. Bd3 Nf6 4. e5 Nfd7 5. c3 c5 6. Nf3 Nc6 7. 0-0 Qb6 8. dxc5 Bxc5 9. b4 Be7 10. Re1 Qc7 11. Bf4 0-0 12. Nbd2 a6 13. a4 f6 14. exf6 Qxf4 15. fxe7 Nxe7 16. Rxe6 Nf5 17. Qc2 g6 18. Nf1 Nf6 19. Bxf5 gxf5 20. Re5 Ne4 21. Rxd5 Be6 22. Rd4 Rac8 23. Ng3 Rc4 24. Ne2 Qh6 25. Rxc4 Bxc4 26. Ned4 Rc8 27. Nxf5 Qf4 28. Ne7+ 1-0

[Event "Pernambuco-ch 2020"]
[Site "Recife"]
[Date "2021.08.22"]
[Round "5.7"]
[White "Da Silva, Anderson Vieira"]
[Black "Alves Campelo, Danilo Cesar De"]
[Result "1-0"]
[WhiteElo "1799"]
[BlackElo "2043"]
[PlyCount "55"]
[EventDate "2021.08.20"]
[EventType "swiss"]
[EventRounds "6"]
[EventCountry "BRA"]
[SourceTitle "EXT 2023"]
[Source "ChessBase"]
[SourceDate "2022.10.05"]
[SourceVersion "1"]
[SourceVersionDate "2022.10.05"]
[SourceQuality "1"]

1. d4 Nf6 2. Nf3 e6 3. Bf4 b6 4. e3 Bb7 5. Bd3 Be7 6. Nbd2 d6 7. 0-0 Nh5 8. Bg3 0-0 9. e4 f5 10. Ne1 Qe8 11. f3 Nxg3 12. hxg3 Qg6 13. exf5 exf5 14. g4 Qg5 15. Qe2 fxg4 16. Qe6+ Kh8 17. fxg4 Rxf1+ 18. Nxf1 Qf6 19. Qe3 Nc6 20. c3 d5 21. Nf3 Bd6 22. Re1 Bf4 23. Qe8+ Qf8 24. Qh5 Qg8 25. Nh4 g5 26. Ng6+ Kg7 27. Ne7 Qf7 28. Qxh7+ 1-0